| 000 | 00830cam a2200277 i 4500 | ||
|---|---|---|---|
| 999 |
_c9977 _d9977 |
||
| 001 | 9977 | ||
| 003 | BD-JhCC | ||
| 005 | 20180404120721.0 | ||
| 008 | 180404s1980 enk d 000 0 eng | ||
| 020 | _a0198611285 | ||
| 035 | _a(BD-JhCC) 9977 | ||
| 040 |
_aDLC _cDLC _dDLC |
||
| 041 | _aeng | ||
| 050 | 0 | 0 |
_aPE1628 _b.O7 1980 |
| 082 | 0 | 0 |
_a423 _bOST 1980 |
| 100 | 1 |
_aOstler, George, _d-1929. |
|
| 245 | 1 | 4 |
_aThe little Oxford dictionary of current English / _cfirst edited by George Ostler. |
| 250 | _a5th ed. / | ||
| 260 |
_aOxford : _bClarendon Press ; _aNew York : _bOxford University Press, _c1980. |
||
| 300 |
_a684p. ; _c14 cm. |
||
| 650 | 0 |
_aEnglish language _y20th century _xDictionaries. |
|
| 650 | 0 |
_aEnglish language _xNew words _xDictionaries. |
|
| 700 | 1 | _aSwannell, Julia. | |
| 942 |
_2ddc _cREF |
||